| 000 | 00972nam a2200253Ia 4500 | ||
|---|---|---|---|
| 999 |
_c5156 _d5156 |
||
| 003 | OSt | ||
| 005 | 20200407103133.0 | ||
| 008 | 191128s2001 ck gr 000 0 spa d | ||
| 020 | _a9586165477 | ||
| 040 |
_aCO-JMCR _cCO-JMCR |
||
| 041 | 0 | _aspa | |
| 082 | 0 | 4 |
_a323 / _bE716d _221 |
| 100 | 1 |
_aEscobar Fornos, Iván, _eautor _92660 |
|
| 245 | 1 | 4 |
_aLos derechos humanos y el control del poder privado / _cIván Escobar Fornos |
| 250 | _aPrimera edición | ||
| 260 |
_aBogotá : _bUniversidad Externado de Colombia, _c2001 |
||
| 300 |
_a53 páginas ; _c21 cm. |
||
| 490 | 0 |
_aTemas de derecho público ; _v63 |
|
| 505 | 0 | _aDimensiones de los derechos humanos -- Penetración de la constitución en el ordenamiento jurídico -- Campo de apliación -- Derecho Alemán -- Derecho Español -- Derecho Argentino -- Derecho Colombiano | |
| 650 | 1 | 4 |
_aDerechos humanos _91801 |
| 650 | 1 | 4 |
_aDerechos civiles _92644 |
| 650 | 1 | 4 |
_aControl constitucional _92661 |
| 942 |
_2ddc _cBK |
||